Bienvenue à la Médiathèque de Saint-Andiol
banniere
Accueil Recherche avancée Mon compte
handi1 Rechercher dans le catalogue

Filtre   Mots-clés
  Recherche avancée
 
Lister les dernières nouveautés
 
Lister les livres GROS CARACTERES
 
Lister les périodiques (magazines)

handi1 Père à tout faire

Book Cover
Auteur principal : Nob
Titre : Père à tout faire
Support : Livres
Langue : Francais
Publié : DL 2019 Dupuis Paris
Series : Dad
Genre : Bande Dessinée (enfants)
Collection : Dad
Sujets :
Étiquettes :
Pas de tags
LEADER 01313nam0a2200217 450
001 16868366
010 |a 979-10-347-3698-0  |b rel.  |d 12,95 € 
100 |a 20260529d2026 u u0frey01 ba 
101 0 |a fre 
102 |a FR 
200 0 |a Père à tout faire  |f Nob 
207 1 |a   
210 |a Paris  |b 57, bd de La Villette  |c Dupuis  |d DL 2019 
215 |a 1 vol. (46 p.)  |c ill. en coul.  |d 30 cm 
225 1 |a Dad  |v 6 
330 |a Être père n'est pas toujours simple. Ce n'est pas Dad, père célibataire en charge de quatre adorables, mais néanmoins épuisantes, filles, qui va dire le contraire. Entre petits bonheurs et grosses fâcheries, le père à la maison gère plutôt bien. Jusqu'au jour où son corps l'abandonne et qu'il se plie, littéralement, en deux. Impossible de faire la moindre tâche ménagère et encore moins de s'occuper de ses quatre filles. D'autant que Bébérénice découvre l'usage de ses jambes, que Roxane est bien décidée à changer le monde, qu'Ondine rapporte des bulletins de notes catastrophiques et que Pandora est en crise existentielle... la situation est critique ! 
461 0 |t Dad  |v 6 
700 0 |a Nob  |f 1973-....  |4 70 
900 |a Bande Dessinée (enfants) 
901 |a Jeunesse 
995 |a Médiathèque  |c Médiathèque  |f 089021926  |h 089021926  |k BD DAD  |o p  |q j  |r az  |e Médiathèque